| 000 | 00652nam a2200205Ia 4500 | ||
|---|---|---|---|
| 003 | OSt | ||
| 005 | 20240509094750.0 | ||
| 008 | 210210b1982 xxu||||| |||| 00| 0 eng d | ||
| 040 | _cAL | ||
| 041 | _aKannada | ||
| 082 | _aK894.109 RUKA | ||
| 100 |
_aRUKMINI PARVATI. _9133724 _d ರುಕ್ಮಿಣಿ ಪಾರ್ವತಿ |
||
| 245 |
_aAmbikatanayadattara bhavagitegalu. _b ಅಂಬಿಕಾತನಯದತ್ತರ ಭಾವಗೀತೆಗಳು |
||
| 260 |
_aMaisuru _bUsha Sahitya Male _c1982 |
||
| 300 | _axx,256 | ||
| 650 |
_aDa Ra Bendre _9133725 |
||
| 690 |
_aKannada Poetry Criticism _9133726 |
||
| 906 | _aSG02526 | ||
| 942 |
_2ddc _cBK |
||
| 999 |
_c113384 _d113384 |
||